A Late Bronze Age shipwreck at Ulu Burun : preliminary analysis (1984-1985 excavation campaigns) /

Bibliographic Details
Main Author: Pulak, Cemal, 1951-
Format: Thesis eBook
Language:English
Published: [Place of publication not identified] : [publisher not identified] ; 1987.
Subjects:
Online Access:Link to OAKTrust copy

MARC

Tag First Indicator Second Indicator Subfields
LEADER 00000cam a2200000 a 4500
001 in00000029212
005 20220103134332.0
007 cr unu a
008 880913s1987 xx a b 00010 eng d
035 |9 AAC0133AM 
035 |a (OCoLC)18476395 
040 |a TXA  |c TXA  |d UtOrBLW 
043 |a a-tu--- 
049 |a TXAZ [Also in] [Archives]  |c 1 [A10997028], 2 [A10997078] 
099 |a 1987  |a Thesis  |a P981 
100 1 |a Pulak, Cemal,  |d 1951- 
245 1 2 |a A Late Bronze Age shipwreck at Ulu Burun :  |b preliminary analysis (1984-1985 excavation campaigns) /  |c by Cemalettin Mustafa Pulak. 
264 1 |a [Place of publication not identified] :  |b [publisher not identified] ;  |c 1987. 
300 |a ix, 187 leaves :  |b illustrations ;  |c 29 cm. 
336 |a text  |b txt  |2 rdacontent 
337 |a computer  |b c  |2 rdamedia 
338 |a online resource  |b cr  |2 rdacarrier 
500 |a "Major subject: Anthropology." 
500 |a Typescript (photocopy). 
500 |a Vita. 
502 |b M.A.  |c Texas A&M University  |d 1987. 
504 |a Bibliography: leaves 173-186. 
530 |a Also available online. 
650 0 |a Bronze age. 
650 0 |a Ships, Ancient  |z Turkey. 
650 0 |a Underwater archaeology  |z Turkey. 
650 4 |a Major anthropology. 
651 0 |a Turkey  |x Antiquities. 
856 4 1 |u https://hdl.handle.net/1969.1/ETD-TAMU-1987-THESIS-P981  |z Link to OAKTrust copy  |t 0 
999 |a MARS 
999 f f |s 6272c860-2932-3c30-b564-dbac3fb4b77c  |i d6298a4c-498c-34f3-a45f-b16907ae39a4  |t 0 
952 f f |p noncirc  |a Texas A&M University  |b J.J. Pickle Campus  |c High Density Repository  |s HDR  |d Remote Storage  |t 0  |e 1987 Thesis P981  |h Other scheme  |i computer -- online resource  |m A14839621539 
952 f f |a Texas A&M University  |b College Station  |c Electronic Resources  |s www_evans  |d Available Online  |t 0  |e 1987 Thesis P981  |h Other scheme 
998 f f |a 1987 Thesis P981  |t 0  |l Available Online 
998 f f |a 1987 Thesis P981  |t 0  |l Remote Storage